000 00281nam a22001217a 4500
008 170929b xxu||||| |||| 00| 0 eng d
041 _aeng
080 _28 ED
_a37
100 _a47
101 _aEDU
245 _aSOCIAL WORK AND SOCIAL WELFARE
_cZATROW.CH
942 _2udc
_cBK
999 _c30656
_d30656